00313nam a2200133Ia 4500008004100000020001800041041000800059082001500067100001800082245001800100260003400118300000900152650001800161260223s2025 xx 000 0 und d a9789351527862 aeng a610.73/GAU aGauttam Vijay aGNM intership aB.S.B. PunebJAYPEE,Pubc2025 a501P aGNM intership